[Event "4th Orense it"]
[Site "Orense ESP"]
[Date "1975.01.16"]
[Round "1"]
[White "Durao, Joaquim Manuel"]
[Black "Garcia Gonzales, Guillermo"]
[Result "0-1"]
[WhiteElo "2350"]
[BlackElo "2485"]
[EventDate "1975.01.16"]
[PlyCount "80"]

1.e4 d6 2.d4 g6 3.Nc3 Bg7 4.Be3 Nd7 5.f4 c6 6.a4 Ngf6 7.e5 Nd5 8.Nxd5 cxd5
9.Nf3 Qb6 10.Qc1 f6 11.Bd3 dxe5 12.dxe5 Qa5+ 13.Bd2 Qc7 14.exf6 Bxf6 15.
O-O Nc5 16.Bb5+ Bd7 17.Be3 Bxb5 18.axb5 O-O 19.Qd2 e6 20.Ra2 a6 21.Rfa1 
Rac8 22.bxa6 Nxa6 23.c3 Nc5 24.Qe2 Ne4 25.Qb5 Nd6 26.Qb6 Qd7 27.Ra7 Nc4 
28.Qb3 Nxe3 29.Rxb7 Rc7 30.Raa7 Rxb7 31.Rxb7 Qc6 32.Qb4 Qc4 33.Qxc4 Nxc4 
34.Kf2 Ra8 35.g4 Ra2 36.Rb8+ Kf7 37.Rb7+ Ke8 38.Kg3 Rxb2 39.Rxh7 Nd6 40.g5
Bxc3 0-1

[Event "4th Orense it"]
[Site "Orense ESP"]
[Date "1975.01.16"]
[Round "1"]
[White "Gheorghiu, Florin"]
[Black "Bellon Lopez, Juan Manuel"]
[Result "1-0"]
[WhiteElo "2540"]
[BlackElo "2415"]
[EventDate "1975.01.16"]
[PlyCount "77"]

1.e4 g6 2.d4 c6 3.Nc3 d5 4.h3 Bg7 5.Nf3 Nh6 6.Bf4 O-O 7.Qd2 dxe4 8.Nxe4 
Nf5 9.c3 Be6 10.Bd3 Bd5 11.O-O Re8 12.Rfe1 Nd7 13.g4 Bxe4 14.Rxe4 Nd6 15.
Re2 Nb6 16.Rae1 e6 17.b3 Nd5 18.Bg3 Bf8 19.c4 Nc7 20.Qf4 Rc8 21.Kg2 f6 22.
Qd2 Qd7 23.c5 Nf7 24.Bxc7 Rxc7 25.Bc4 Bh6 26.Qa5 Nd8 27.Rxe6 Rxe6 28.Rxe6 
Nxe6 29.Bxe6+ Qxe6 30.Qxc7 Qf7 31.Qxf7+ Kxf7 32.Kf1 Ke6 33.Ke2 Kd5 34.Kd3 
Bc1 35.Ng1 Bb2 36.Ne2 g5 37.f3 b5 38.cxb6 axb6 39.Nc3+ 1-0

[Event "4th Orense it"]
[Site "Orense ESP"]
[Date "1975.01.16"]
[Round "1"]
[White "Hernando Pertierra, Jose Carlos"]
[Black "Cardoso, Rodolfo Tan"]
[Result "1/2-1/2"]
[WhiteElo "2200"]
[BlackElo "2410"]
[EventDate "1975.01.16"]
[PlyCount "71"]

1.Nf3 c5 2.b3 b6 3.Bb2 Bb7 4.e3 Nf6 5.c4 e6 6.Nc3 Be7 7.d4 O-O 8.Bd3 d5 9.
O-O Nc6 10.Rc1 cxd4 11.exd4 Rc8 12.Re1 Nb4 13.Bf1 dxc4 14.bxc4 Re8 15.a3 
Nc6 16.d5 exd5 17.Nxd5 Nxd5 18.cxd5 Nb8 19.Rxc8 Bxc8 20.Qa4 Bd7 21.Qxa7 
Bc5 22.Rxe8+ Bxe8 23.Bd4 Nd7 24.h3 Qe7 25.a4 Kf8 26.a5 Bxd4 27.Nxd4 bxa5 
28.Qxa5 Qc5 29.Qxc5+ Nxc5 30.Bb5 Bxb5 31.Nxb5 Ke7 32.g4 Ne4 33.Kg2 Nf6 34.
d6+ Kd7 35.Kf3 Ne8 36.Kf4 1/2-1/2

[Event "4th Orense it"]
[Site "Orense ESP"]
[Date "1975.01.16"]
[Round "1"]
[White "Keene, Raymond Dennis"]
[Black "Lombardy, William James"]
[Result "1/2-1/2"]
[WhiteElo "2505"]
[BlackElo "2515"]
[EventDate "1975.01.16"]
[PlyCount "34"]

1.Nf3 Nf6 2.c4 e6 3.b3 b6 4.g3 Bb7 5.Bg2 Be7 6.Bb2 O-O 7.O-O c5 8.e3 d5 9.
Qe2 Nbd7 10.Rd1 Rc8 11.d3 Qc7 12.Nc3 Bc6 13.Rac1 Qb7 14.d4 Rfd8 15.Ne5 
Nxe5 16.dxe5 Ne4 17.Nxe4 dxe4 1/2-1/2

[Event "4th Orense it"]
[Site "Orense ESP"]
[Date "1975.01.16"]
[Round "1"]
[White "Larsen, Bent"]
[Black "Tarjan, James Edward"]
[Result "1-0"]
[WhiteElo "2625"]
[BlackElo "2480"]
[EventDate "1975.01.16"]
[PlyCount "103"]

1.Nf3 Nf6 2.g3 g6 3.Bg2 Bg7 4.d3 d6 5.O-O O-O 6.e4 c5 7.Re1 Nc6 8.c3 e5 9.
Nbd2 h6 10.a3 a5 11.a4 Be6 12.Nc4 Nxe4 13.Rxe4 d5 14.Rxe5 Bg4 15.Re1 dxc4 
16.dxc4 Qb6 17.h3 Rad8 18.Qe2 Bf5 19.Qe3 Be6 20.Qf4 g5 21.Qe4 Rfe8 22.Bf1 
Ne7 23.Qb1 Bf5 24.Qa2 Ng6 25.Rxe8+ Rxe8 26.Bd2 Qd6 27.Be1 Be4 28.Nh2 h5 
29.Qb3 Bc6 30.Qd1 Qe6 31.Qxh5 Qe4 32.f3 Qc2 33.Qxg5 Qxb2 34.Qc1 Qxc1 35.
Rxc1 Bxa4 36.f4 Bb3 37.Nf3 a4 $2 ( 37...Nf8 38.Nd2 Ba4 39.Bg2 b6 ) 38.Bf2 
a3 $4 ( 38...Rd8 ) 39.Nd2 Ba4 40.Ra1 Bxc3 41.Rxa3 Bxd2 42.Rxa4 b6 43.Ra7 
Re7 44.Ra6 Rb7 45.Bg2 Rb8 46.Ra3 b5 47.cxb5 Rxb5 48.Bd5 ( 48.Bf1 Rb8 49.
Bxc5 $18 ) 48...Nh8 49.Ra2 Bc3 50.h4 Kg7 51.Kg2 f5 52.Bc4 1-0

[Event "4th Orense it"]
[Site "Orense ESP"]
[Date "1975.01.16"]
[Round "1"]
[White "Ljubojevic, Ljubomir"]
[Black "Diez del Corral Rivas, Jesus Maria"]
[Result "0-1"]
[WhiteElo "2615"]
[BlackElo "2515"]
[EventDate "1975.01.16"]
[PlyCount "78"]

1.e4 e6 2.d3 b6 3.Nf3 Bb7 4.Nbd2 d5 5.c3 Nf6 6.Qa4+ Nbd7 7.e5 Ng8 8.d4 Ne7
9.b4 a6 10.Qb3 Rb8 11.a4 c5 12.Be2 Nc6 13.b5 Na5 14.Qb1 axb5 15.axb5 f5 
16.h4 Be7 17.g4 O-O 18.gxf5 Rxf5 19.Bd3 Rh5 20.Nf1 Qf8 21.Ng5 Bxg5 22.Bxg5
Qf3 23.Rg1 Rf8 24.Ra2 c4 25.Rg3 Qf7 26.Qd1 cxd3 27.Bf6 Nxf6 28.exf6 g5 29.
hxg5 Qg6 30.f4 Rh4 31.Rf2 Nc4 32.Qxd3 Ra8 33.Qxg6+ hxg6 34.Rd3 Ra5 35.Ng3 
Rxb5 36.Re2 Kf7 37.f5 gxf5 38.Nxf5 Rb1+ 39.Rd1 Rh1+ 0-1

[Event "4th Orense it"]
[Site "Orense ESP"]
[Date "1975.01.16"]
[Round "1"]
[White "Quinteros, Miguel Angel"]
[Black "Andersson, Ulf"]
[Result "1/2-1/2"]
[WhiteElo "2505"]
[BlackElo "2565"]
[EventDate "1975.01.16"]
[PlyCount "94"]

1.e4 d6 2.d4 Nf6 3.f3 Nbd7 4.Be3 c6 5.c4 e5 6.d5 Be7 7.Bd3 O-O 8.Ne2 a6 9.
O-O Qc7 10.Nbc3 Nc5 11.Bc2 cxd5 12.cxd5 b5 13.b4 Ncd7 14.a4 bxa4 15.Nxa4 
Qb8 16.Qd2 Bd8 17.Bd3 Nb6 18.Nac3 Nbd7 19.Na4 Nb6 20.Nb2 Ne8 21.Nc3 Nc7 
22.Ra3 Bd7 23.Rfa1 Qb7 24.Qe2 Nc8 25.Nc4 Nb5 26.Nxb5 Bxb5 27.Nxe5 Bxd3 28.
Nxd3 Bf6 29.Rc1 Na7 30.Ra2 Nb5 31.Qf2 Rac8 32.Rac2 Rxc2 33.Qxc2 Bc3 34.Kh1
f5 35.Nf4 Re8 36.Qb1 fxe4 37.fxe4 Be5 38.Qd3 Rc8 39.Rxc8+ Qxc8 40.h3 Bc3 
41.Ne6 Bxb4 42.e5 g6 43.Bf4 Qd7 44.exd6 a5 45.Qc4 Nxd6 46.Qd4 Nf5 47.Qc4 
Nd6 1/2-1/2

[Event "4th Orense it"]
[Site "Orense ESP"]
[Date "1975.01.16"]
[Round "1"]
[White "Rodriguez Vargas, Orestes"]
[Black "Pomar Salamanca, Arturo"]
[Result "1/2-1/2"]
[WhiteElo "2435"]
[BlackElo "2450"]
[EventDate "1975.01.16"]
[PlyCount "51"]

1.e4 c6 2.d4 d5 3.Nc3 dxe4 4.Nxe4 Bf5 5.Ng3 Bg6 6.Nf3 Nd7 7.h4 h6 8.h5 Bh7
9.Bd3 Bxd3 10.Qxd3 Qc7 11.c4 e6 12.Bd2 Ngf6 13.Qe2 Bd6 14.Nf5 Bf4 15.Bxf4 
Qxf4 16.Ne3 c5 17.dxc5 Nxc5 18.O-O-O Rd8 19.Rxd8+ Kxd8 20.b4 Ncd7 21.Rh4 
Qc7 22.Nd4 Qe5 23.Qd3 Ke7 24.f4 Qe4 25.Qxe4 Nxe4 26.Kc2 1/2-1/2

[Event "4th Orense it"]
[Site "Orense ESP"]
[Date "1975.01.17"]
[Round "2"]
[White "Andersson, Ulf"]
[Black "Hernando Pertierra, Jose Carlos"]
[Result "1-0"]
[WhiteElo "2565"]
[BlackElo "2200"]
[EventDate "1975.01.16"]
[PlyCount "103"]

1.c4 Nf6 2.Nf3 e6 3.b3 b6 4.g3 Bb7 5.Bg2 Be7 6.Bb2 O-O 7.O-O c5 8.Nc3 Nc6 
9.Rc1 Rc8 10.e3 d5 11.cxd5 Nxd5 12.Nxd5 Qxd5 13.d4 Nb4 14.Nh4 Qd7 15.dxc5 
Qxd1 16.Rfxd1 Bxg2 17.Kxg2 Nxa2 18.Ra1 Nb4 19.Rxa7 Bxc5 20.Nf3 Nc6 21.Rad7
Nb8 22.Rb7 Nc6 23.Ng5 Rfd8 24.Rxd8+ Nxd8 25.Rd7 h6 26.Nf3 Nc6 27.Bc3 Nb8 
28.Rb7 Nc6 29.h4 Kf8 30.h5 Nd8 31.Rd7 Nc6 32.Ne5 Nxe5 33.Bxe5 Ra8 34.g4 
Ra3 35.Rd8+ Ke7 36.Rg8 Ra2 37.Kf3 Bb4 38.Bxg7 Be1 39.Bf8+ Kd7 40.Bxh6 
Rxf2+ 41.Ke4 f5+ 42.gxf5 exf5+ 43.Kd5 Rd2+ 44.Ke5 Rh2 45.Rg5 Bc3+ 46.Kxf5 
Ke7 47.Ke4 Rh4+ 48.Kd3 Bb2 49.Rb5 Kd7 50.Bf4 Ba3 51.Rd5+ Ke6 52.Re5+ 1-0

[Event "4th Orense it"]
[Site "Orense ESP"]
[Date "1975.01.17"]
[Round "2"]
[White "Bellon Lopez, Juan Manuel"]
[Black "Keene, Raymond Dennis"]
[Result "1/2-1/2"]
[WhiteElo "2415"]
[BlackElo "2505"]
[EventDate "1975.01.16"]
[PlyCount "100"]

1.c4 Nf6 2.g3 e5 3.Bg2 c6 4.a3 d5 5.cxd5 cxd5 6.d4 e4 7.Bg5 Nc6 8.Nc3 Be7 
9.e3 O-O 10.Bxf6 Bxf6 11.Nge2 Bg5 12.O-O Ne7 13.Qb3 b6 14.Rfc1 Ba6 15.Nb5 
Qd7 16.Nec3 Rfc8 17.Bf1 Bb7 18.a4 h5 19.Qb4 Ng6 20.Be2 Be7 21.Qb3 h4 22.
Qd1 Nf8 23.Na2 a6 24.Rxc8 Rxc8 25.Nbc3 Nh7 26.Bg4 f5 27.Be2 Rc6 28.Qb3 Rh6
29.f4 exf3 30.Bxf3 Nf6 31.Nc1 hxg3 32.N1e2 gxh2+ 33.Kh1 Kh7 34.Rf1 Qe6 35.
Ng3 g6 36.e4 fxe4 37.Ngxe4 Nxe4 38.Bxe4 Rh5 39.Bg2 Kg7 40.Qd1 Bf6 41.Ne2 
Bg5 42.Nf4 Bxf4 43.Rxf4 a5 44.Qc1 Bc6 45.b3 Qd6 46.Qf1 Qe7 47.Rf2 Bd7 48.
Re2 Qh4 49.Qc1 Rf5 50.Qc7 Rf7 1/2-1/2

[Event "4th Orense it"]
[Site "Orense ESP"]
[Date "1975.01.17"]
[Round "2"]
[White "Cardoso, Rodolfo Tan"]
[Black "Larsen, Bent"]
[Result "1-0"]
[WhiteElo "2410"]
[BlackElo "2625"]
[EventDate "1975.01.16"]
[Annotator "Toran,Roman"]
[PlyCount "69"]

1.e4 g6 2.d4 Bg7 3.Nc3 a6 $5 ( {Una de las el�sticas ideas modernas, en la
defensa del "fianchetto" de rey, con la cual las negras pretenden activar 
su juego en el ala de dama, en lugar de la l�nea cl�sica} 3...d6 {, 
seguido de 4. ..Cf6 y 0-0.} ) 4.Be3 d6 5.Qd2 Nd7 6.f3 $5 ( {Otras 
interesantes alternativas son} 6.a4 {, para impedir la reacci�n negra;} ) 
( 6.b4 {, o bien} ) ( 6.h4 {, para tratar de atacar en el ala de rey, con 
la ruptura "pe�n a h5" como terna.} ) 6...b5 7.Nh3 Bb7 8.Be2 ( 8.Nf2 c5 9.
a3 cxd4 10.Bxd4 Ngf6 11.Be2 O-O 12.h4 $1 Nb6 $1 {se produjo una compleja 
lucha.} ) 8...c5 9.a4 $1 {[Fuerte ruptura que, como veremos, dar� a las 
blancas fuerte iniciativa. ]} 9...b4 10.Nd1 Ngf6 ( {Con los inconvenientes
que representar�a debilitar el ala de dama, era necesario jugar aqu�} 
10...a5 {, pues ahora las blancas conseguir�n claro dominio espacial.} ) 
11.a5 $1 Qc7 $2 ( {El propio Larsen se@en al� que aqu� era obligatorio 
seguir con} 11...O-O {y, luego, ...Ce8, porque esta maniobra pierde dos 
valiosos tiempos, como comprobaremos pronto.} ) 12.c3 $1 bxc3 13.bxc3 O-O 
14.Nb2 $1 {[Otra fuerte jugada era disponer de las casillas "c4" y "a4". ]
} 14...Rfc8 $2 ( {Se impon�a} 14...cxd4 {, previamente, para tener alg�n 
contrajuego y buscar liquidaciones en la columna abierta, lo que ahora 
evitar� Cardoso y las blancas obtendr�n neta ventaja.} ) 15.d5 $1 Ne5 16.
O-O e6 {[�nica reacci�n. ]} 17.dxe6 $1 fxe6 18.Na4 {Evita pe�n a "d5", por
la amenaza Cb6 y no servir�a ahora 18...Dxa5 por 19.Cxc5! ]} 18...Re8 19.
Rfb1 $1 {[Cardoso conduce el ataque posicional en gran estilo: ahora 
prepara Tb6 seguido de Db2, con fort�sima presi�n. ]} 19...Bf8 20.Bg5 $1 
Nfd7 21.Bf4 $1 Rad8 22.Nb6 $1 Qc6 ( {Despu�s de} 22...Nxb6 23.axb6 $1 Qc8 
24.Bxe5 dxe5 25.Qa2 $1 {, las blancas tendr�an abrumadora ventaja.} ) 23.
Qa2 $1 h6 {[Ante la amenaza 24.Cg5. El ataque blanco empieza a girar ahora
sobre el ala de rey. ]} 24.Nxd7 Nxd7 ( {Pero no} 24...Rxd7 $2 25.Rb6 $1 
Qc8 26.Bxe5 dxe5 27.Rxe6 $1 {, ganando.} ) 25.Bc4 $1 Kf7 ( {Forzado, pues 
que, si} 25...d5 26.exd5 exd5 27.Rxb7 $1 dxc4 ( {O} 27...Qxb7 $2 28.Bxd5+ 
) 28.Qxc4+ {, etc.} ) 26.Qd2 $1 g5 {[Desesperada tentativa, ya que, 
29.Tb6, ganar�a f�cilmente. ]} 27.Bxg5 $1 {[Sacrificio de pieza que abre 
paso a un fulminante ataque. ]} 27...hxg5 28.Nxg5+ Kg6 29.Nxe6 Rxe6 {
[Obligado ante Dg5+ con fulminantes efectos. ]} 30.Bxe6 Bh6 31.Qf2 Bc8 32.
Qg3+ Kf6 33.Bd5 Qc7 34.f4 Rh8 35.Qh4+ ( 35.Qh4+ {. Y las negras 
abandonaron, ya que, si} 35...Kg6 36.Qg4+ Kf6 37.Qf5+ Kg7 38.Qf7# {. Una 
sorprendente partida, en la que el gran maestro Larsen se vio netamente 
desbordado.} ) 1-0

[Event "4th Orense it"]
[Site "Orense ESP"]
[Date "1975.01.17"]
[Round "2"]
[White "Diez del Corral Rivas, Jesus Maria"]
[Black "Lombardy, William James"]
[Result "1-0"]
[WhiteElo "2515"]
[BlackElo "2515"]
[EventDate "1975.01.16"]
[PlyCount "78"]

1.e4 e5 2.Nf3 Nc6 3.Bb5 g6 ( {Una de las cl�sicas defensas contra al 
apertura espa@ra ola, que hace a@e os est� abandonada, prefiri�ndose 
generalmente la l�nea de Morphy} 3...a6 ) 4.d4 ( {La continuaci�n m�s 
incisiva; la alternativa es} 4.O-O ) 4...exd4 5.Bg5 $1 Be7 ( {Si} 5...Nge7
6.Bf6 $1 {;} ) ( {Y si} 5...Nce7 6.Qxd4 {en ambos casos con neta ventaja;}
) ( {Si} 5...f6 6.Bf4 {, debilitar�a el ala de rey, de ah� este cambio del
alfil rey que hace in�til el avance del peon "g", el cual ha dejado d�bil 
este flanco.} ) 6.Bxe7 Ngxe7 7.O-O O-O 8.Nxd4 Nxd4 9.Qxd4 d6 ( {Mejor 
parece} 9...c6 10.Bc4 d5 {con buenas posibilidades de equilibrar el juego.
} ) 10.Nc3 a6 11.Be2 b5 12.Rad1 Rb8 13.a3 b4 {[Lombardy trata de activar 
el juego en el ala de dama, anticip�ndose a la pretentida ofensiva blanca 
en el ala de rey. ]} 14.axb4 Nc6 15.Qd2 Nxb4 16.f4 $1 {[D�ez del Corral 
comienza sus preparativos de ataque, cuyo tema es la ruptura pe�n "f5", 
para abir la columna "f". ]} 16...Qf6 17.Rf2 Bb7 18.Bc4 $1 Rfe8 {[Esto 
deja vulnerable el punto f7, sobre el que ya situ� el maestro espa@o ol su
alfil, para apoyar las rupturas tem�ticas, pero las negras tratan de 
obtener alg�n contrajuego, ante el plan blanco: Tdf1 y los avances pe�n f5
o pe�n e5. ]} 19.e5 $1 {[Especulando con el citado ataque sobre "f7" , 
despu�s de 19...dxe5? 20.fxe5! ]} 19...Qf5 20.Bb3 Rbd8 21.Qe1 $1 {
[Excelente jugada que prepara Df1 y apartar la dama de la acci�n de las 
torres enemigas, a la vez que se reforzar� el ataque sobre el ala de rey. 
]} 21...c5 22.Qf1 d5 {[Cierra la acci�n del alfil y prosigue su tentativa 
de reacci�n central. ]} 23.Ne2 $1 d4 ( {Clara est� que si} 23...Nxc2 $2 
24.Ng3 {ganar�a pieza.} ) ( {Mientras que si} 23...c4 24.Nd4 $1 {, seguido
de 25.Aa4, con clara ventaja posicional.} ) 24.Ng3 Qd7 $2 ( {Una 
impresici�n; aunque las blancas conservar�an su superioridad, mayor 
resistenciaofrec�a} 24...Qg4 ) 25.f5 $1 {[La segunda y definitiva ruptura,
con lo que el ataque sobre la columna "f" adquiere su m�xima potencia. ]} 
25...Re7 26.e6 $1 fxe6 ( {Naturalmente las negras no pod�an evitar la 
p�rdida de calidad, puesto que si} 26...Qc7 27.exf7+ {o 27.f6!, ser�an 
fort�simas.} ) 27.Bxe6+ Rxe6 28.fxe6 Qxe6 29.Re1 $1 {[Comienza el asalto 
final sacando partido del dominio de las columnas abiertas. ]} 29...Qd6 
30.Rf6 $1 Qd7 31.Ne4 $1 {[Sutil maniobra combinativa, que plantea la doble
amenaza 32.Cxc5 y 32.Txg6+! hxg6 33.Cf6+ ]} 31...Bxe4 32.Rxe4 Nxc2 {
[Ingeniosa maniobra que D�ez del Corral, claro est�, ten�a prevista. De 
cualquier modo, no hab�a defensa eficaz contra Tef4! ]} 33.Qc4+ Qd5 ( {
Evidentemente si} 33...Kg7 34.Rfe6 $1 Ne3 35.Re7+ Kh8 36.Rxd7 Nxc4 37.
Rxd8+ {gana.} ) 34.Qxc2 d3 {[La �ltima esperanza de las negras, pero el 
espa@, ol hab�a calculado bien las complicaciones t�cticas al realizar 
31.Ce4! ]} 35.Qa4 $1 d2 36.Re8+ $1 Kg7 ( {Si} 36...Rxe8 37.Qxe8+ Kg7 38.
Qf8# ) 37.Rxd8 $1 Qxd8 ( 37...d1=Q+ 38.Qxd1 {, claro est�.} ) 38.Rf1 {[Y 
el pe�n queda controlado. Lombardy hace honor ahora a una famosa frase del
gran maestro y excelente humorista Tartakower: "A veces se est� tan 
apurado de reloj, que no hay tiempo !ni para abandonar!". ]} 38...Qd3 39.
Qf4 $1 d1=N $138 {[%emt 0:00:00] [Humor, pues al coronar el pe�n cay� la 
banderita del reloj de Lombardy, lo que representaba la p�rdida de la 
partida al no completar las 40 jugadas reglamentarias en dos horas y 
media. ] [Comentarios: Rom�n Tor�n. (Revista JAQUE, 01-03-1975, n�mero 
39). || Fuente: Gonz�lez, Jos� Mar�a. Art�culo "Bent Larsen ganador del IV
Torneo Internacional de Orense". Revista JAQUE. (A@E. o V, 01-03-1975, 
n�mero 39, p�ginas 2-10). Jos� Mar�a Gonz�lez (Editor-Director). San 
Sebasti�n, Espa@i�n, a. ]} ( 39...d1=Q {. Tanto promocinando caballo como 
dama, seguir�a} 40.Qf8# ) ( {Como es f�cil comprobar, la defensa con} 
39...Qd8 {no hubiera servido, por} 40.Rd1 {, eliminando el pe�n. Muy biena
partida de nuestro gran maestro D�ez Del Corral, que super� netamente a su
fuerte adversario.} ) 1-0

[Event "4th Orense it"]
[Site "Orense ESP"]
[Date "1975.01.17"]
[Round "2"]
[White "Garcia Gonzales, Guillermo"]
[Black "Rodriguez Vargas, Orestes"]
[Result "1-0"]
[WhiteElo "2485"]
[BlackElo "2435"]
[EventDate "1975.01.16"]
[PlyCount "56"]

1.Nf3 Nf6 2.c4 e6 3.g3 d5 4.Bg2 d4 5.b4 a5 6.Qa4+ c6 7.Bb2 Bxb4 8.Bxd4 O-O
9.Qc2 Nbd7 10.O-O Bd6 11.d3 Qe7 12.Nbd2 e5 13.Bc3 Bb4 14.Bb2 Ba3 15.Bxa3 
Qxa3 16.e3 Qd6 17.d4 exd4 18.exd4 b6 19.Rfe1 Bb7 20.Nf1 Rfe8 21.Rad1 Rad8 
22.Ng5 Qe7 23.Qc1 Qb4 24.a3 Qd6 25.Qb2 Ba8 26.h4 c5 27.d5 Re7 28.h5 Nxh5 
1-0

[Event "4th Orense it"]
[Site "Orense ESP"]
[Date "1975.01.17"]
[Round "2"]
[White "Ljubojevic, Ljubomir"]
[Black "Quinteros, Miguel Angel"]
[Result "1-0"]
[WhiteElo "2615"]
[BlackElo "2505"]
[EventDate "1975.01.16"]
[Annotator "Kurajica,Bojan"]
[PlyCount "45"]

{[Inf 19/200]} 
1.e4 e6 2.d4 d5 3.Nc3 Nf6 4.Bg5 dxe4 ( 4...Be7 ) ( 4...Bb4 $6 5.e5 h6 6.
Be3 $1 Ne4 7.Qg4 g6 8.a3 Bxc3+ 9.bxc3 c5 10.Bd3 Qa5 11.Ne2 $16 ) 5.Nxe4 
Be7 6.Bxf6 Bxf6 ( 6...gxf6 $5 7.Nf3 ( 7.g3 ) 7...f5 8.Nc3 Bf6 9.Qd2 c5 $11
) 7.Nf3 Nd7 ( 7...Bd7 8.Qd2 Bc6 9.Nxf6+ Qxf6 10.Ne5 $14 ) 8.Qd2 O-O $6 ( 
8...b6 ) ( 8...Be7 $5 ) 9.O-O-O b6 10.Qf4 $1 $16 Bb7 11.Bd3 Qb8 $2 12.Ne5 
c5 13.Nxf6+ Nxf6 14.Rhe1 $40 cxd4 15.Qh4 {[Con idea de Cd7]} 15...Qc7 16.
g4 Rac8 $2 ( 16...Rfc8 ) 17.g5 $18 Ba6 18.Re2 Bxd3 19.Rxd3 Ne8 20.Rh3 h6 
21.gxh6 g6 22.h7+ Kh8 23.Rf3 1-0

[Event "4th Orense it"]
[Site "Orense ESP"]
[Date "1975.01.17"]
[Round "2"]
[White "Pomar Salamanca, Arturo"]
[Black "Gheorghiu, Florin"]
[Result "1/2-1/2"]
[WhiteElo "2450"]
[BlackElo "2540"]
[EventDate "1975.01.16"]
[PlyCount "29"]

1.d4 Nf6 2.Nc3 g6 3.Nf3 Bg7 4.Bf4 c5 5.e3 O-O 6.Be2 b6 7.O-O d6 8.a4 Na6 
9.h3 Nc7 10.Qd2 Bb7 11.Bh2 Qd7 12.a5 Rfd8 13.Rfd1 Ne4 14.Nxe4 Bxe4 15.Ng5 
1/2-1/2

[Event "4th Orense it"]
[Site "Orense ESP"]
[Date "1975.01.17"]
[Round "2"]
[White "Tarjan, James Edward"]
[Black "Durao, Joaquim Manuel"]
[Result "1-0"]
[WhiteElo "2480"]
[BlackElo "2350"]
[EventDate "1975.01.16"]
[PlyCount "85"]

1.e4 e5 2.Nf3 d6 3.d4 Nf6 4.Nc3 Nbd7 5.Bc4 Be7 6.O-O O-O 7.Re1 c6 8.a4 Qc7
9.h3 b6 10.b3 Bb7 11.Ba3 Rae8 12.Qd2 d5 13.Bxe7 Rxe7 14.dxe5 Nxe5 15.Nxe5 
Rxe5 16.exd5 cxd5 17.Rxe5 Qxe5 18.Re1 Qc7 19.Nb5 Qb8 20.Bd3 Ne4 21.Qb4 a6 
22.Nd4 Qc7 23.Nf5 Qc5 24.Qxc5 Nxc5 25.Bf1 Rd8 26.Re7 Kf8 27.b4 Bc8 28.bxc5
Bxf5 29.Rc7 bxc5 30.Rxc5 Rd6 31.c3 Ke7 32.f3 Bd7 33.a5 Ke6 34.Kf2 Ke7 35.
Ke3 Ke6 36.Kd4 f5 37.f4 h6 38.Rc7 Ke7 39.Ra7 g5 40.Bxa6 gxf4 41.Bb5 Ke6 
42.Bxd7+ Rxd7 43.Rxd7 1-0

[Event "4th Orense it"]
[Site "Orense ESP"]
[Date "1975.01.18"]
[Round "3"]
[White "Durao, Joaquim Manuel"]
[Black "Cardoso, Rodolfo Tan"]
[Result "0-1"]
[WhiteElo "2350"]
[BlackElo "2410"]
[EventDate "1975.01.16"]
[PlyCount "58"]

1.e4 b6 2.d4 Bb7 3.Bd3 e6 4.Nf3 c5 5.O-O cxd4 6.Nxd4 Nc6 7.Nxc6 Bxc6 8.f4 
Bc5+ 9.Kh1 Qh4 10.Bd2 Nf6 11.Be1 Qh6 12.Qe2 Nh5 13.Qg4 Be3 14.Bd2 f5 15.
exf5 exf5 16.Qh3 Bxd2 17.Nxd2 O-O 18.Qh4 Qg6 19.Qh3 Rae8 20.Nc4 d6 21.Rf2 
Rf6 22.Nd2 Qg4 23.Bc4+ Kh8 24.Qc3 Nxf4 25.Bf1 Bd5 26.Nb3 Rh6 27.Qd2 Re4 
28.Rd1 Qg3 29.h3 Rd4 0-1

[Event "4th Orense it"]
[Site "Orense ESP"]
[Date "1975.01.18"]
[Round "3"]
[White "Gheorghiu, Florin"]
[Black "Garcia Gonzales, Guillermo"]
[Result "1/2-1/2"]
[WhiteElo "2540"]
[BlackElo "2485"]
[EventDate "1975.01.16"]
[PlyCount "82"]

1.Nf3 Nf6 2.c4 c5 3.Nc3 d5 4.cxd5 Nxd5 5.g3 g6 6.Qa4+ Nc6 7.Ne5 Nxc3 8.
dxc3 Qd5 9.Nxc6 Bd7 10.e4 Qxc6 11.Qxc6 Bxc6 12.Bg2 e6 13.O-O Be7 14.Rd1 
O-O 15.Be3 Rfd8 16.e5 Bxg2 17.Kxg2 Kf8 18.Kf3 Ke8 19.Ke4 Rxd1 20.Rxd1 Rd8 
21.Rxd8+ Kxd8 22.g4 Kd7 23.c4 b6 24.f4 Bd8 25.f5 Bh4 26.b3 Kc6 27.Bh6 Kd7 
28.Bf8 Bg5 29.h3 Bd2 30.Bd6 Bb4 31.Kf4 Bd2+ 32.Ke4 Bc3 33.a4 a5 34.h4 Bd2 
35.Bf8 Be1 36.fxg6 fxg6 37.h5 g5 38.Ke3 Bg3 39.Bh6 Bf4+ 40.Ke4 Ke8 41.Bg7 
Bd2 1/2-1/2

[Event "4th Orense it"]
[Site "Orense ESP"]
[Date "1975.01.18"]
[Round "3"]
[White "Hernando Pertierra, Jose Carlos"]
[Black "Ljubojevic, Ljubomir"]
[Result "0-1"]
[WhiteElo "2200"]
[BlackElo "2615"]
[EventDate "1975.01.16"]
[PlyCount "64"]

1.Nf3 c5 2.g3 b6 3.Bg2 Bb7 4.O-O Nf6 5.c4 e6 6.Nc3 Be7 7.b3 O-O 8.Bb2 a6 
9.e3 d6 10.Qe2 Nbd7 11.Rfd1 Qc7 12.Rac1 Bc6 13.a3 Qb7 14.b4 Ne5 15.Ne1 
Bxg2 16.Nxg2 cxb4 17.axb4 Rfc8 18.d3 b5 19.f4 Nc6 20.cxb5 axb5 21.Ne4 Nxe4
22.dxe4 Nxb4 23.Qg4 Bf8 24.f5 e5 25.Rb1 Rc4 26.Bc3 Na6 27.f6 g6 28.Be1 Nc5
29.Qe2 Raa4 30.Rb2 Qa6 31.Rdb1 b4 32.Qd1 b3 0-1

[Event "4th Orense it"]
[Site "Orense ESP"]
[Date "1975.01.18"]
[Round "3"]
[White "Keene, Raymond Dennis"]
[Black "Pomar Salamanca, Arturo"]
[Result "1/2-1/2"]
[WhiteElo "2505"]
[BlackElo "2450"]
[EventDate "1975.01.16"]
[PlyCount "35"]

1.Nf3 Nf6 2.c4 e6 3.g3 b6 4.Bg2 Bb7 5.O-O Be7 6.Nc3 O-O 7.Re1 d5 8.cxd5 
exd5 9.d4 Ne4 10.Bf4 Nxc3 11.bxc3 Bd6 12.Bxd6 Qxd6 13.Qc2 Nd7 14.c4 c6 15.
cxd5 cxd5 16.Rac1 Rac8 17.Qb1 g6 18.Bh3 1/2-1/2

[Event "4th Orense it"]
[Site "Orense ESP"]
[Date "1975.01.18"]
[Round "3"]
[White "Larsen, Bent"]
[Black "Andersson, Ulf"]
[Result "1-0"]
[WhiteElo "2625"]
[BlackElo "2565"]
[EventDate "1975.01.16"]
[Annotator "Larsen,Bent"]
[PlyCount "81"]

{[Inf 19/605]} 
1.g3 g6 2.Bg2 Bg7 3.c4 Nf6 4.Nc3 O-O 5.d4 c5 6.d5 d6 7.Nf3 Na6 8.O-O Nc7 
9.Re1 $5 ( 9.e4 Bg4 $5 ) 9...a6 10.a4 Rb8 ( 10...b6 $5 ) 11.a5 e6 ( 11...
b6 $14 ) 12.dxe6 Nxe6 13.Qd3 $16 b6 14.Rd1 bxa5 15.Qxd6 Qxd6 ( 15...Bb7 $5
) 16.Rxd6 Ne8 17.Rd3 Nd4 18.Nxd4 cxd4 19.Nd5 Kh8 20.Rxa5 Nd6 21.Rc5 Re8 
22.Kf1 Bf5 23.Rd1 Bc2 24.Rd2 Bb3 25.Nc7 $1 $18 Rec8 26.Bd5 Rb4 27.Nxa6 
Rxc5 28.Nxc5 Bxc4 29.Nd3 $1 Bxd3 30.Rxd3 Nc4 ( 30...Rb5 31.Rb3 $1 ) 31.
Bxf7 Nxb2 32.Rb3 Rxb3 33.Bxb3 d3 34.Ke1 Bd4 35.Bh6 g5 36.Bxg5 Kg7 37.Kd2 
Bxf2 38.exd3 Bg1 39.Be3 Bxh2 40.Bd4+ Kg6 41.Bxb2 1-0